Normal view
MARC view
- Garnett, James Clerk Maxwell
Entry Personal Name
001 - CONTROL NUMBER
- control field: 105954
003 - CONTROL NUMBER IDENTIFIER
- control field: NUST
005 - DATE AND TIME OF LATEST TRANSACTION
- control field: 20221226133045.0
008 - FIXED-LENGTH DATA ELEMENTS
- fixed length control field: 221226|| aca||aabn | a|a d
040 ## - CATALOGING SOURCE
- Original cataloging agency: NUST
- Transcribing agency: NUST
100 ## - HEADING--PERSONAL NAME
- Personal name: Garnett, James Clerk Maxwell
670 ## - SOURCE DATA FOUND
- Source citation: Work cat.: (NUST)184640: Garnett, James Clerk Maxwell,, The organization of peace in the basic English/ , 1933
